| 000 | 00334nam a2200133Ia 4500 | ||
|---|---|---|---|
| 005 | 20251222144637.0 | ||
| 008 | 251222s9999||||xx |||||||||||||| ||spa|| | ||
| 020 | _a978-987-719-005-2 | ||
| 082 | _a332.9/S53 | ||
| 100 | _aShaxson, Nicholas | ||
| 245 | 0 | _aLas Islas del Tesoro: | |
| 264 | _bFondo de Cultura Económica | ||
| 942 | _cLIB | ||
| 999 |
_c16541 _d16541 |
||